[Event "Lliga Catalana eq. DH"]
[Site "?"]
[Date "2014.02.08"]
[Round "3.3"]
[White "Escuder Vilaltella, J."]
[Black "Lorenzo de la Riva, L."]
[Result "1-0"]
[WhiteElo "2391"]
[BlackElo "2502"]
[PlyCount "111"]
[EventDate "2014.??.??"]
[EventType "team"]
[EventCountry "ESP"]

1. e4 c5 2. Nf3 d6 3. d4 cxd4 4. Nxd4 Nf6 5. Nc3 a6 6. f3 e5 7. Nb3 Be6 8. Be3
Be7 9. Qd2 O-O 10. O-O-O Nbd7 11. g4 b5 12. g5 b4 13. Ne2 Ne8 14. f4 a5 15. f5
Bxb3 16. cxb3 a4 17. bxa4 Rxa4 18. b3 Ra5 19. Kb1 Nc7 20. Ng3 d5 21. f6 gxf6
22. gxf6 Nxf6 23. Bb6 Rc5 24. Bxc5 Bxc5 25. Qg5+ Kh8 26. Qxe5 Re8 27. Qb2 Bd6
28. Qd4 Be5 29. Qxb4 Qa8 30. Rc1 Rb8 31. Qd2 Ne6 32. exd5 Nd4 33. Bc4 Qa3 34.
Rc3 Qa5 35. Rd3 Qc5 36. Re1 Nd7 37. Rxe5 Nxe5 38. Rxd4 Nxc4 39. Qc3 Na3+ 40.
Kb2 Qxc3+ 41. Kxc3 Nb5+ 42. Kd3 Nxd4 43. Kxd4 Kg7 44. d6 Kf6 45. Kd5 Ra8 46.
Ne4+ Kf5 47. d7 Rd8 48. Nc5 Kg4 49. Kd6 f5 50. Ke7 Ra8 51. d8=Q Rxd8 52. Kxd8
Kh3 53. a4 f4 54. a5 Kxh2 55. a6 f3 56. Nd3 1-0

[Event "Lliga Catalana eq. DH"]
[Site "?"]
[Date "2014.02.08"]
[Round "3.3"]
[White "Fernandez Aguado, E."]
[Black "Dominguez Pons, E."]
[Result "1/2-1/2"]
[WhiteElo "2407"]
[BlackElo "2389"]
[PlyCount "137"]
[EventDate "2014.??.??"]
[EventType "team"]
[EventCountry "ESP"]

1. e4 c5 2. Nf3 d6 3. d4 cxd4 4. Nxd4 Nf6 5. Nc3 a6 6. Be2 e5 7. Nb3 Be7 8. O-O
O-O 9. Be3 Be6 10. f4 exf4 11. Rxf4 Nc6 12. Kh1 d5 13. exd5 Nxd5 14. Nxd5 Bxd5
15. c4 Be6 16. Nc5 Bxc5 17. Bxc5 Qg5 18. Bxf8 Qxf4 19. Bd6 Qf6 20. Qb3 b5 21.
Qf3 Qxb2 22. Rd1 Rd8 23. c5 Qxa2 24. Bd3 Qa4 25. Re1 Qd4 26. Be4 Nb4 27. Rd1
Qc4 28. h3 a5 29. c6 Nxc6 30. Bxc6 h6 31. Be4 a4 32. Bd3 Qb3 33. Be7 Re8 34.
Rb1 Qd5 35. Qxd5 Bxd5 36. Rxb5 Bc6 37. Rb6 Bd5 38. Rd6 Bb3 39. Ra6 g6 40. Bf6
Kh7 41. Bb5 Rb8 42. Bxa4 Bxa4 43. Rxa4 Rb6 44. Bd4 Rd6 45. Rb4 g5 46. Kh2 f6
47. Kg3 Kg6 48. Kf3 Rd8 49. Ke4 Re8+ 50. Kd5 Re1 51. Rb6 Rf1 52. Rb2 Ra1 53.
Rf2 Ra6 54. Rc2 Kf5 55. g3 h5 56. Rf2+ Kg6 57. Rxf6+ Rxf6 58. Bxf6 Kxf6 59. g4
hxg4 60. hxg4 Kf7 61. Ke5 Ke7 62. Kf5 Kf7 63. Kxg5 Kg7 64. Kf5 Kf7 65. g5 Kg7
66. g6 Kg8 67. Kf6 Kf8 68. g7+ Kg8 69. Kg6 1/2-1/2

[Event "Lliga Catalana eq. DH"]
[Site "?"]
[Date "2014.02.08"]
[Round "3.3"]
[White "Herrero Sabartes, J."]
[Black "Oratovsky, M."]
[Result "0-1"]
[WhiteElo "2329"]
[BlackElo "2533"]
[PlyCount "40"]
[EventDate "2014.??.??"]
[EventType "team"]
[EventCountry "ESP"]

1. Nf3 d6 2. d4 Nf6 3. c4 g6 4. Nc3 Nbd7 5. e4 e5 6. d5 Nc5 7. Bd3 Nxd3+ 8.
Qxd3 b6 9. Qc2 Bg7 10. a4 a5 11. Bd2 O-O 12. Nb5 Nh5 13. O-O-O h6 14. h3 f5 15.
exf5 gxf5 16. Ne1 Bd7 17. Nd3 f4 18. Nc3 Bf5 19. Rde1 Qf6 20. f3 Ng3 0-1

[Event "Lliga Catalana eq. DH"]
[Site "?"]
[Date "2014.02.08"]
[Round "3.3"]
[White "Pham Guerrero, S."]
[Black "Barbero Sendic, A."]
[Result "0-1"]
[WhiteElo "2304"]
[BlackElo "2416"]
[PlyCount "48"]
[EventDate "2014.??.??"]
[EventType "team"]
[EventCountry "ESP"]

1. e4 e5 2. f4 exf4 3. Bc4 Nf6 4. Nc3 c6 5. Bb3 d5 6. exd5 cxd5 7. d4 Bb4 8.
Nf3 a5 9. O-O O-O 10. a4 Bxc3 11. bxc3 Qc7 12. Ne5 Qxc3 13. Ba3 Re8 14. Rf3 Qc7
15. c4 Nc6 16. Bb2 dxc4 17. Nxc4 Nd5 18. Rc1 Bg4 19. Ne5 Bxf3 20. Qxf3 Nxe5 21.
dxe5 Qb6+ 22. Kh1 Ne3 23. Rc3 Rad8 24. Qxf4 Qxb3 0-1

[Event "Lliga Catalana eq. DH"]
[Site "?"]
[Date "2014.02.08"]
[Round "3.4"]
[White "Bravo Barranco, N."]
[Black "Pardo Simon, D."]
[Result "0-1"]
[WhiteElo "2468"]
[BlackElo "2340"]
[PlyCount "68"]
[EventDate "2014.??.??"]
[EventType "team"]
[EventCountry "ESP"]

1. e4 e5 2. Nf3 Nc6 3. Bb5 a6 4. Ba4 g6 5. d3 Bg7 6. c3 Nge7 7. Nbd2 O-O 8. Nf1
b5 9. Bc2 d5 10. Bg5 h6 11. Bh4 g5 12. Bg3 d4 13. cxd4 exd4 14. N1d2 Ng6 15. h3
Nb4 16. a3 Nxc2+ 17. Qxc2 Be6 18. Nb3 Bxb3 19. Qxb3 c5 20. O-O Rc8 21. Rfc1 h5
22. a4 g4 23. hxg4 hxg4 24. Nh2 Bh6 25. axb5 Bxc1 26. Rxc1 Qg5 27. Qd1 axb5 28.
Nxg4 c4 29. e5 cxd3 30. Nf6+ Kg7 31. Rxc8 Rxc8 32. f4 Qf5 33. Bh2 d2 34. Qxd2
Qb1+ 0-1

[Event "Lliga Catalana eq. DH"]
[Site "?"]
[Date "2014.02.08"]
[Round "3.4"]
[White "Castelltort Fernandez, A."]
[Black "Ayas Fernandez, A."]
[Result "1/2-1/2"]
[WhiteElo "2345"]
[BlackElo "2346"]
[PlyCount "63"]
[EventDate "2014.??.??"]
[EventType "team"]
[EventCountry "ESP"]

1. d4 Nf6 2. Nf3 e6 3. e3 b6 4. Bd3 Bb7 5. O-O Be7 6. c4 O-O 7. Nc3 c5 8. d5
exd5 9. cxd5 d6 10. e4 Nbd7 11. Re1 a6 12. a4 Re8 13. h3 Bf8 14. Bf4 g6 15. Bc4
Nh5 16. Bg5 Be7 17. Bxe7 Qxe7 18. Qd2 Qf6 19. Bf1 Re7 20. Re3 Rae8 21. Rae1 g5
22. g3 h6 23. Qd1 Qg6 24. Kh2 Nhf6 25. Nd2 Kh8 26. Nc4 Nxe4 27. Nxe4 Rxe4 28.
Rxe4 Rxe4 29. Rxe4 Qxe4 30. Nxd6 Qxd5 31. Qxd5 Bxd5 32. Bxa6 1/2-1/2

[Event "Lliga Catalana eq. DH"]
[Site "?"]
[Date "2014.02.08"]
[Round "3.4"]
[White "Coll Ortega, J."]
[Black "Garcia Paolicchi, R."]
[Result "1/2-1/2"]
[WhiteElo "2376"]
[BlackElo "2280"]
[PlyCount "80"]
[EventDate "2014.??.??"]
[EventType "team"]
[EventCountry "ESP"]

1. e4 d5 2. exd5 Qxd5 3. Nc3 Qa5 4. d4 Nf6 5. Nf3 Bf5 6. Bc4 e6 7. Bd2 c6 8.
Nd5 Qd8 9. Nxf6+ gxf6 10. Qe2 Bxc2 11. h4 Be7 12. h5 Rg8 13. Bc3 Bf5 14. Nh4
Bg4 15. f3 Bxh5 16. g4 Bg6 17. Nxg6 hxg6 18. Rh7 Qd6 19. O-O-O Nd7 20. Qe3 Nf8
21. Rhh1 g5 22. Kb1 O-O-O 23. Ba5 Rd7 24. a3 Qf4 25. Qxf4 gxf4 26. Kc2 Bd8 27.
Bc3 Bb6 28. Rh6 Ng6 29. Rh7 Rh8 30. Rxh8+ Nxh8 31. d5 cxd5 32. Bb5 Rc7 33. Kb3
d4 34. Bd2 e5 35. Rh1 Ng6 36. Bd3 Kd7 37. Rh7 Kd6 38. Bb4+ Bc5 39. Bxc5+ Rxc5
40. Rxf7 Nh4 1/2-1/2

[Event "Lliga Catalana eq. DH"]
[Site "?"]
[Date "2014.02.08"]
[Round "3.4"]
[White "Fluvia Poyatos, Jordi"]
[Black "Boix Moreno, D."]
[Result "1-0"]
[WhiteElo "2480"]
[BlackElo "2386"]
[PlyCount "113"]
[EventDate "2014.??.??"]
[EventType "team"]
[EventCountry "ESP"]

1. d4 Nf6 2. c4 g6 3. Nc3 d5 4. cxd5 Nxd5 5. e4 Nxc3 6. bxc3 Bg7 7. Bb5+ c6 8.
Ba4 b5 9. Bb3 a5 10. Ne2 a4 11. Bc2 O-O 12. O-O Nd7 13. f4 Nb6 14. f5 e5 15. g4
Nc4 16. Bd3 Re8 17. Bxc4 bxc4 18. dxe5 Qxd1 19. Rxd1 Bxe5 20. Kg2 Ba6 21. Rb1
Bb5 22. Be3 Bxh2 23. Kf3 Be5 24. Bd4 Re7 25. Bc5 Ree8 26. Rd7 Rad8 27. Rbd1
Rxd7 28. Rxd7 Bf6 29. Rb7 Rd8 30. Bd4 Bg5 31. Rc7 a3 32. e5 Bh6 33. f6 c5 34.
Bxc5 Bf8 35. Bxf8 Rxf8 36. Nd4 Ba6 37. g5 Bc8 38. Kf4 Bh3 39. Rxc4 h6 40. gxh6
Kh7 41. Nf3 Bf5 42. Kg5 Be6 43. Ra4 Bxa2 44. Rxa3 Bd5 45. Nd4 Re8 46. Kf4 Kxh6
47. c4 g5+ 48. Kf5 Be6+ 49. Nxe6 fxe6+ 50. Ke4 Kh5 51. c5 Rb8 52. c6 g4 53. c7
Rc8 54. Rc3 g3 55. Kf3 Kg6 56. Kxg3 Kf5 57. f7 1-0

[Event "Lliga Catalana eq. DH"]
[Site "?"]
[Date "2014.02.08"]
[Round "3.4"]
[White "Hernando Rodrigo, JA."]
[Black "Sole Fabregat, X."]
[Result "1/2-1/2"]
[WhiteElo "2398"]
[BlackElo "2305"]
[PlyCount "115"]
[EventDate "2014.??.??"]
[EventType "team"]
[EventCountry "ESP"]

1. d4 e6 2. c4 f5 3. Nc3 Nf6 4. Nf3 d5 5. Bf4 c6 6. e3 Be7 7. Be2 O-O 8. Ne5
Nbd7 9. h3 Nxe5 10. Bxe5 Ne4 11. Qc2 Bf6 12. Bh2 Bd7 13. O-O Nxc3 14. bxc3 b5
15. cxb5 cxb5 16. a4 bxa4 17. c4 dxc4 18. Bxc4 Kh8 19. Ba6 Qa5 20. Bb7 Rae8 21.
Bc7 Qb4 22. Rab1 Qe7 23. Ba5 Rg8 24. d5 exd5 25. Bxd5 Rc8 26. Qa2 Rge8 27. Rb7
Rb8 28. Rfb1 Rxb7 29. Rxb7 Qc5 30. Qd2 Bc6 31. Bxc6 Qxc6 32. Rc7 Qe4 33. Rxa7
Rb8 34. Bc3 Rd8 35. Qb2 Bxc3 36. Qxc3 Qb1+ 37. Kh2 Qb8+ 38. Qc7 Qxc7+ 39. Rxc7
Ra8 40. Kg3 a3 41. Rc1 g5 42. h4 h6 43. hxg5 hxg5 44. f4 a2 45. Ra1 g4 46. e4
Ra3+ 47. Kh4 fxe4 48. Kxg4 Kg7 49. Kh4 e3 50. Kg3 Kf6 51. Kf3 Ke6 52. g4 Kd5
53. g5 Ke6 54. g6 Kf6 55. f5 Kg7 56. Ke2 Kf6 57. Kf3 Kg7 58. Ke2 1/2-1/2

[Event "Lliga Catalana eq. DH"]
[Site "?"]
[Date "2014.02.08"]
[Round "3.4"]
[White "Lillo Castany, V."]
[Black "Torrecillas Martinez, A."]
[Result "1-0"]
[WhiteElo "2303"]
[BlackElo "2387"]
[PlyCount "85"]
[EventDate "2014.??.??"]
[EventType "team"]
[EventCountry "ESP"]

1. e4 e6 2. d4 d5 3. Nd2 Be7 4. Ngf3 Nf6 5. e5 Nfd7 6. Bd3 c5 7. c3 Nc6 8. O-O
g5 9. dxc5 Nxc5 10. Bb5 Nd7 11. Re1 Qb6 12. Qe2 a6 13. Ba4 g4 14. Nd4 Nxd4 15.
cxd4 Qxd4 16. Bc2 Nc5 17. Rb1 Bd7 18. b4 Bb5 19. Qd1 Nd3 20. Bxd3 Bxd3 21. Nf1
Qc4 22. Ne3 Qe4 23. Rb3 Bc4 24. Rc3 Bb5 25. Nxg4 Qxb4 26. Qf3 h5 27. Nh6 Rf8
28. Ba3 Qa5 29. Bxe7 Kxe7 30. Qf6+ Ke8 31. Nf5 exf5 32. e6 Bc4 33. exf7+ Kd7
34. Re7+ Kc8 35. Qd6 Qd8 36. Rc7+ Kb8 37. Rd7+ Ka7 38. Rxd8 Raxd8 39. Qe7 Ka8
40. a4 f4 41. Rc1 a5 42. Rb1 Ba6 43. Re1 1-0

[Event "Lliga Catalana eq. DH"]
[Site "?"]
[Date "2014.02.08"]
[Round "3.4"]
[White "Vives Font, D."]
[Black "Grafl, F."]
[Result "1/2-1/2"]
[WhiteElo "2270"]
[BlackElo "2425"]
[PlyCount "79"]
[EventDate "2014.??.??"]
[EventType "team"]
[EventCountry "ESP"]

1. d4 f5 2. g3 Nf6 3. Bg2 e6 4. Nf3 d5 5. O-O Bd6 6. b3 Qe7 7. a4 a5 8. c4 c6
9. Ba3 Bxa3 10. Nxa3 Nbd7 11. Ne1 O-O 12. Nd3 b6 13. Qb1 Ba6 14. Qb2 Rac8 15.
Rac1 g5 16. Rc2 Qg7 17. Rfc1 Rce8 18. b4 f4 19. b5 Bb7 20. c5 bxc5 21. Nxc5
Nxc5 22. Rxc5 fxg3 23. fxg3 cxb5 24. Nxb5 Re7 25. Qd2 Nd7 26. Rc7 Ba6 27. e3
Bxb5 28. axb5 Nb6 29. Rxe7 Qxe7 30. Qxa5 Nc4 31. Qe1 Qf6 32. Bf1 Nd6 33. Bd3 e5
34. dxe5 Qxe5 35. Qe2 Re8 36. Re1 Qc3 37. Rd1 Qc5 38. Re1 Qc3 39. Rd1 Qc5 40.
Re1 1/2-1/2

[Event "Lliga Catalana eq. DH"]
[Site "?"]
[Date "2014.02.08"]
[Round "3.5"]
[White "Alexandrova, O."]
[Black "Asensio Liñan, T."]
[Result "1/2-1/2"]
[WhiteElo "2448"]
[BlackElo "2278"]
[PlyCount "90"]
[EventDate "2014.??.??"]
[EventType "team"]
[EventCountry "ESP"]

1. d4 g6 2. c4 Bg7 3. e4 c5 4. d5 d6 5. Nc3 Nf6 6. f4 O-O 7. Nf3 b5 8. cxb5 a6
9. a4 Bb7 10. bxa6 Nxa6 11. Bc4 Nb4 12. O-O Nd7 13. Bd2 Qa5 14. b3 Nb6 15. Rb1
Nxc4 16. bxc4 Qa6 17. Qb3 Bc8 18. Nb5 Qxa4 19. Bxb4 cxb4 20. Qxb4 Qc2 21. Rf2
Qxe4 22. Re1 Ra1 23. Rxa1 Bxa1 24. Qe1 Qxe1+ 25. Nxe1 Bd7 26. Ra2 Bf6 27. Nf3
Bxb5 28. cxb5 Rb8 29. Ra5 Bc3 30. Ra3 Bb4 31. Rb3 Rxb5 32. Kf1 Rb6 33. Ke2 Bc5
34. Rxb6 Bxb6 35. g4 Kg7 36. Kd3 h6 37. Ke4 Bc5 38. h4 h5 39. gxh5 f5+ 40. Kd3
gxh5 41. Ke2 Kf6 42. Ng5 Bg1 43. Ne6 Bb6 44. Kf3 Ba5 45. Ke2 Bb6 1/2-1/2

[Event "Lliga Catalana eq. DH"]
[Site "?"]
[Date "2014.02.08"]
[Round "3.5"]
[White "Almeida Toledano, D."]
[Black "Fernandez Perez, D."]
[Result "1-0"]
[WhiteElo "2295"]
[BlackElo "2248"]
[PlyCount "49"]
[EventDate "2014.??.??"]
[EventType "team"]
[EventCountry "ESP"]

1. e4 b6 2. d4 Bb7 3. Bd3 e6 4. Nf3 d5 5. e5 c5 6. c3 Qc8 7. O-O Ba6 8. Be3 Ne7
9. Bxa6 Nxa6 10. Qa4+ Nc6 11. c4 dxc4 12. Nc3 Qb7 13. Rad1 Nc7 14. Qxc4 Qa6 15.
Qb3 c4 16. Qc2 Nb4 17. Qe2 Ncd5 18. Ng5 Nxc3 19. Qf3 Ncd5 20. Qxf7+ Kd8 21.
Nxe6+ Kc8 22. Nxf8 Qb7 23. Qf5+ Kd8 24. Ne6+ Ke8 25. a3 1-0

[Event "Lliga Catalana eq. DH"]
[Site "?"]
[Date "2014.02.08"]
[Round "3.5"]
[White "Bergez, L."]
[Black "Gonzales Perez, JA."]
[Result "1-0"]
[WhiteElo "2391"]
[BlackElo "2242"]
[PlyCount "75"]
[EventDate "2014.??.??"]
[EventType "team"]
[EventCountry "ESP"]

1. e4 e5 2. Nf3 Nc6 3. Bc4 Nf6 4. d3 Be7 5. Nbd2 d6 6. c3 O-O 7. Bb3 Na5 8. Bc2
c5 9. Nf1 Nc6 10. Ng3 h6 11. O-O Be6 12. h3 Rc8 13. Be3 Re8 14. d4 cxd4 15.
cxd4 Nb4 16. Ba4 Bd7 17. dxe5 dxe5 18. Nxe5 Bxa4 19. Qxa4 Bd6 20. Bf4 g5 21.
Nf5 gxf4 22. Rad1 Nxe4 23. Nxd6 Nxd6 24. Qxb4 Rxe5 25. Rxd6 Qg5 26. Qxb7 Rc2
27. Rxh6 Kg7 28. Ra6 Rb5 29. Qf3 Rbxb2 30. Ra4 Qb5 31. Re4 f5 32. Re7+ Kf6 33.
Rfe1 Rb1 34. Kh2 Rxe1 35. Rxe1 Qc5 36. Qa8 Rxf2 37. Qd8+ Kf7 38. Qd7+ 1-0

[Event "Lliga Catalana eq. DH"]
[Site "?"]
[Date "2014.02.08"]
[Round "3.5"]
[White "Escobar Torres, A."]
[Black "Subirats Ruiz, S."]
[Result "0-1"]
[WhiteElo "2232"]
[BlackElo "2294"]
[PlyCount "74"]
[EventDate "2014.??.??"]
[EventType "team"]
[EventCountry "ESP"]

1. d4 Nf6 2. Nf3 g6 3. Bf4 Bg7 4. h3 O-O 5. e3 d6 6. Be2 Nc6 7. O-O Nd7 8. c3
e5 9. Bh2 f5 10. Na3 Qe7 11. Nc4 g5 12. dxe5 dxe5 13. Qd5+ Kh8 14. Na5 Nxa5 15.
Qxa5 e4 16. Nd4 c5 17. Nb5 b6 18. Qa4 Ne5 19. Rad1 f4 20. exf4 gxf4 21. Qxe4
Bb7 22. Rd5 Bxd5 23. Qxd5 f3 24. Bd1 Rad8 25. Qe4 fxg2 26. Kxg2 Qg5+ 27. Bg3
Rd2 28. Nc7 Nd3 29. Bf3 Nf4+ 30. Kh2 Rxb2 31. Rd1 Qh6 32. Bg4 Nh5 33. Bxh5 Qxh5
34. Rd7 Qg5 35. Rxg7 Qxg7 36. Be5 Rfxf2+ 37. Kh1 Rf1# 0-1

[Event "Lliga Catalana eq. DH"]
[Site "?"]
[Date "2014.02.08"]
[Round "3.5"]
[White "Rivero Ojeda, C."]
[Black "Panelo Muñoz, MA."]
[Result "0-1"]
[WhiteElo "2350"]
[BlackElo "2472"]
[PlyCount "86"]
[EventDate "2014.??.??"]
[EventType "team"]
[EventCountry "ESP"]

1. e4 c5 2. c3 Nf6 3. e5 Nd5 4. d4 cxd4 5. Bc4 e6 6. Qe2 Nc6 7. Nf3 Be7 8. O-O
Nb6 9. Bd3 dxc3 10. Nxc3 d5 11. exd6 Qxd6 12. Rd1 Nd5 13. Ne4 Qc7 14. Bc4 O-O
15. a3 Nf4 16. Qe3 Ng6 17. Ba2 Nce5 18. Bd2 Nxf3+ 19. Qxf3 Bd7 20. Bc3 Bc6 21.
Qe2 Rad8 22. Ng3 Bxg2 23. Nh5 Bc6 24. Bxg7 Nf4 25. Qg4 Ng6 26. Rxd8 Rxd8 27.
Bxe6 Bh4 28. Bf6 Bxf2+ 29. Kxf2 Qxh2+ 30. Kf1 Rd2 31. Bd4 Bb5+ 32. Ke1 Re2+ 33.
Kd1 Qh1+ 34. Qg1 Qxg1+ 35. Bxg1 Rxe6 36. Kd2 Re5 37. Ng3 a6 38. Bd4 Rd5 39. Kc3
Nf4 40. Re1 Ne6 41. Be5 Rd3+ 42. Kb4 Nd4 43. Kc5 Nf3 0-1

[Event "Lliga Catalana eq. DH"]
[Site "?"]
[Date "2014.02.08"]
[Round "3.6"]
[White "Bruned Segura, M."]
[Black "Ribera Baztan, J."]
[Result "1/2-1/2"]
[WhiteElo "2241"]
[BlackElo "2201"]
[PlyCount "117"]
[EventDate "2014.??.??"]
[EventType "team"]
[EventCountry "ESP"]

1. e4 c5 2. Nf3 Nc6 3. c3 Nf6 4. e5 Nd5 5. d4 cxd4 6. cxd4 d6 7. Bc4 Nb6 8. Bb5
dxe5 9. Nxe5 Bd7 10. Bxc6 Bxc6 11. Nxc6 bxc6 12. O-O e6 13. Bf4 Be7 14. Qf3 O-O
15. Rd1 Qd5 16. Qg3 Qh5 17. Nc3 Rfd8 18. Be5 Qg6 19. Qf3 Rac8 20. Ne4 Rd5 21.
Rac1 h6 22. Nc3 Rd7 23. Ne2 c5 24. dxc5 Rxd1+ 25. Rxd1 Rxc5 26. Bc3 Rd5 27. Nf4
Rxd1+ 28. Qxd1 Qe4 29. g3 Bg5 30. Qd3 Qxd3 31. Nxd3 g6 32. Bd4 Kf8 33. b3 Bd8
34. Nb4 Nc8 35. Nc6 Bb6 36. Bxb6 axb6 37. a4 f6 38. Kf1 Ke8 39. Ke2 Kd7 40. Nd4
Kd6 41. Kd3 Kd5 42. Nb5 f5 43. b4 Ne7 44. Nc3+ Kd6 45. Kc4 Kc6 46. Ne2 g5 47.
Nd4+ Kd6 48. Nb5+ Kc6 49. Nc3 Nc8 50. Kd4 Nd6 51. f3 Nf7 52. Nb5 Nd8 53. Ke5
Kd7 54. Nd4 Ke7 55. Nxf5+ exf5 56. Kxf5 Nc6 57. a5 bxa5 58. bxa5 Nxa5 59. Kg6
1/2-1/2

[Event "Lliga Catalana eq. DH"]
[Site "?"]
[Date "2014.02.08"]
[Round "3.6"]
[White "Carrasco Rodriguez, J."]
[Black "Aloma Vidal, R."]
[Result "1/2-1/2"]
[WhiteElo "2283"]
[BlackElo "2471"]
[PlyCount "107"]
[EventDate "2014.??.??"]
[EventType "team"]
[EventCountry "ESP"]

1. e4 c5 2. Nf3 d6 3. d4 cxd4 4. Nxd4 Nf6 5. Nc3 a6 6. g3 e5 7. Nde2 b5 8. Nd5
Nxd5 9. Qxd5 Ra7 10. Be3 Be6 11. Qd2 Rd7 12. Nc3 Nc6 13. Bg2 g6 14. a4 Bg7 15.
Nd5 O-O 16. O-O Qb8 17. b4 Bxd5 18. exd5 Ne7 19. axb5 axb5 20. Ra5 Rc8 21. Rfa1
Rb7 22. R1a2 Qc7 23. Bf1 e4 24. Bd4 Nf5 25. Bxg7 Kxg7 26. g4 Nh4 27. Qd4+ Kg8
28. Qxe4 Qc3 29. Bd3 Qd2 30. Ra1 Rbb8 31. Rxb5 Rxb5 32. Bxb5 Rxc2 33. Rf1 Rc3
34. Be2 Rc2 35. Qe7 Qxe2 36. Qxh4 Kg7 37. Qg3 Qc4 38. Qxd6 Qxg4+ 39. Qg3 Qxb4
40. Rd1 Re2 41. d6 Re1+ 42. Rxe1 Qxe1+ 43. Kg2 Qe4+ 44. Kf1 Qd4 45. h4 h6 46.
Kg1 Kf6 47. Qf3+ Ke6 48. Qb3+ Kf6 49. Qf3+ Kg7 50. Qc6 Qg4+ 51. Kf1 Qd1+ 52.
Kg2 Kf6 53. Qc7 Qd5+ 54. Kg1 1/2-1/2

[Event "Lliga Catalana eq. DH"]
[Site "?"]
[Date "2014.02.08"]
[Round "3.6"]
[White "Cervello Tost, F."]
[Black "Martinez Ramirez, E."]
[Result "0-1"]
[WhiteElo "2232"]
[BlackElo "2372"]
[PlyCount "90"]
[EventDate "2014.??.??"]
[EventType "team"]
[EventCountry "ESP"]

1. d4 Nf6 2. g3 g6 3. Bg2 d5 4. Nf3 Bg7 5. O-O O-O 6. c4 Nc6 7. Nc3 dxc4 8. e4
Bg4 9. Be3 Nd7 10. h3 Bxf3 11. Bxf3 e5 12. d5 Nd4 13. Bg2 c5 14. f4 f5 15. exf5
Nxf5 16. Bf2 exf4 17. gxf4 Bd4 18. d6 Qb6 19. Qe2 Qxd6 20. Qxc4+ Kh8 21. Nb5
Qf6 22. Nxd4 cxd4 23. Rad1 Rac8 24. Qd3 Nc5 25. Bxd4 Nxd3 26. Bxf6+ Rxf6 27.
Rxd3 Rc7 28. Rfd1 b6 29. Rd8+ Kg7 30. R8d7+ Rf7 31. Rxf7+ Rxf7 32. Bd5 Ne3 33.
Bxf7 Nxd1 34. Bb3 Nxb2 35. Kf2 Nd3+ 36. Ke3 Nc5 37. Bc2 Kf6 38. h4 h5 39. a4
Nb7 40. Kd4 a6 41. Kd5 b5 42. axb5 axb5 43. Kc6 Nd8+ 44. Kxb5 Ne6 45. f5 Nd4+
0-1

[Event "Lliga Catalana eq. DH"]
[Site "?"]
[Date "2014.02.08"]
[Round "3.6"]
[White "Escandell Mari, JC."]
[Black "Fernandez Muixi, F."]
[Result "1/2-1/2"]
[WhiteElo "2364"]
[BlackElo "2252"]
[PlyCount "55"]
[EventDate "2014.??.??"]
[EventType "team"]
[EventCountry "ESP"]

1. e4 g6 2. d4 Bg7 3. Nc3 c5 4. Nf3 cxd4 5. Nxd4 Nc6 6. Be3 Nf6 7. Be2 O-O 8.
Nb3 d6 9. O-O Na5 10. f4 Be6 11. Nxa5 Qxa5 12. Bf3 Rfd8 13. Nd5 Nxd5 14. exd5
Bf5 15. c3 Qb5 16. Qd2 h5 17. h3 h4 18. Qf2 Bf6 19. Bxa7 Rxa7 20. Qxa7 Qxb2 21.
Kh1 Bxc3 22. Qe3 Bf6 23. Be4 Qb4 24. Rae1 Bxe4 25. Qxe4 Qa3 26. Qc4 Ra8 27. Re2
Kh7 28. Qb5 1/2-1/2

[Event "Lliga Catalana eq. DH"]
[Site "?"]
[Date "2014.02.08"]
[Round "3.6"]
[White "Perez Mitjans, O."]
[Black "Gallart Zafra, J."]
[Result "1-0"]
[WhiteElo "2471"]
[BlackElo "2339"]
[PlyCount "77"]
[EventDate "2014.??.??"]
[EventType "team"]
[EventCountry "ESP"]

1. e4 c5 2. Nf3 d6 3. d4 cxd4 4. Nxd4 Nf6 5. Nc3 a6 6. Be3 e6 7. Be2 Be7 8. O-O
O-O 9. f4 Nc6 10. Kh1 Qc7 11. Qe1 Nxd4 12. Bxd4 e5 13. fxe5 dxe5 14. Qg3 Bd6
15. Be3 Ne8 16. Rf2 Be6 17. Bg4 Qd7 18. Bf5 Rd8 19. Nd5 Bxf5 20. Rxf5 Qe6 21.
Raf1 Rc8 22. c3 Kh8 23. Qh4 f6 24. R1f3 g6 25. Rh3 Rf7 26. Rff3 Bc5 27. Bd2 f5
28. Bg5 Bf8 29. Ne3 Nd6 30. exf5 gxf5 31. Qh5 Rcc7 32. Rf1 Qxa2 33. Qg6 Rg7 34.
Bf6 Kg8 35. Qh5 f4 36. Ng4 Qe6 37. Nh6+ Kh8 38. Bxe5 Ne4 39. Rxf4 1-0

[Event "Lliga Catalana eq. DH"]
[Site "?"]
[Date "2014.02.08"]
[Round "3.6"]
[White "Pijuan Herranz, M."]
[Black "Garrido Fernandez, D."]
[Result "0-1"]
[WhiteElo "2240"]
[BlackElo "2262"]
[PlyCount "74"]
[EventDate "2014.??.??"]
[EventType "team"]
[EventCountry "ESP"]

1. d4 f5 2. g3 Nf6 3. Bg2 g6 4. Nf3 Bg7 5. O-O O-O 6. b3 d6 7. Bb2 Qe8 8. d5 c6
9. c4 Bd7 10. Nd4 Na6 11. e3 Rc8 12. Nc3 Qf7 13. Qe2 Nc5 14. Rad1 Nfe4 15. Nxe4
Nxe4 16. dxc6 bxc6 17. Qc2 c5 18. Ne2 Bc6 19. Nf4 Bxb2 20. Qxb2 g5 21. Nd5 e6
22. Nc3 Qf6 23. Bxe4 Bxe4 24. f3 Bc6 25. Rxd6 Rfd8 26. Qd2 Kf7 27. Nb5 Bxb5 28.
cxb5 Rxd6 29. Qxd6 Rd8 30. Qxc5 Rd2 31. Qxa7+ Kg6 32. e4 f4 33. Rf2 Qa1+ 34.
Kg2 Rd1 35. gxf4 Rg1+ 36. Kh3 g4+ 37. Kh4 Qf6# 0-1

[Event "Lliga Catalana eq. DH"]
[Site "?"]
[Date "2014.02.08"]
[Round "3.6"]
[White "Pueyo Burrell, D."]
[Black "Crespo, JM."]
[Result "1/2-1/2"]
[WhiteElo "2293"]
[BlackElo "2230"]
[PlyCount "61"]
[EventDate "2014.??.??"]
[EventType "team"]
[EventCountry "ESP"]

1. e4 c5 2. Nf3 Nc6 3. d4 cxd4 4. Nxd4 Nf6 5. Nc3 e5 6. Ndb5 d6 7. Bg5 a6 8.
Na3 b5 9. Nd5 Be7 10. Bxf6 Bxf6 11. c4 bxc4 12. Nxc4 Nd4 13. Ndb6 Rb8 14. Nxc8
Rxc8 15. Qa4+ Kf8 16. Bd3 d5 17. exd5 Qxd5 18. Qxa6 Rc6 19. Qa8+ Ke7 20. Qb7+
Kf8 21. O-O e4 22. Qb8+ Qd8 23. Qxd8+ Bxd8 24. Bxe4 Rxc4 25. Bd3 Rc8 26. b4 g6
27. a4 Rb8 28. a5 Kg7 29. b5 Nxb5 30. Rfb1 Bxa5 31. Rxb5 1/2-1/2

[Event "Lliga Catalana eq. DH"]
[Site "?"]
[Date "2014.02.08"]
[Round "3.7"]
[White "Draghici Flutor, G."]
[Black "Bautista Sanchez, J."]
[Result "1-0"]
[WhiteElo "2209"]
[BlackElo "2292"]
[PlyCount "94"]
[EventDate "2014.??.??"]
[EventType "team"]
[EventCountry "ESP"]

1. e4 c6 2. d4 d5 3. e5 Bf5 4. h4 h5 5. Bg5 Qb6 6. Bd3 Bxd3 7. Qxd3 e6 8. Nd2
Ne7 9. Ngf3 Qa6 10. c4 Nd7 11. b3 Nf5 12. O-O Ba3 13. Rfb1 Be7 14. g3 Rd8 15.
Qc3 f6 16. exf6 gxf6 17. Bf4 Kf7 18. Re1 Nf8 19. Nf1 dxc4 20. bxc4 Qa3 21. Bd2
Qxc3 22. Bxc3 c5 23. dxc5 Bxc5 24. Ng5+ fxg5 25. Bxh8 gxh4 26. Kg2 Ng6 27. Bb2
hxg3 28. fxg3 h4 29. g4 Nd4 30. Bxd4 Rxd4 31. Ne3 Ne5 32. Rf1+ Ke7 33. Rae1 Re4
34. Nd1 Rxg4+ 35. Kh3 Rg3+ 36. Kxh4 Rf3 37. Rxe5 Rxf1 38. Rxc5 Rxd1 39. Rc7+
Rd7 40. Rc8 Kd6 41. Kg5 Rc7 42. Rd8+ Ke5 43. Rb8 b6 44. Ra8 Kd4 45. Kf6 Kxc4
46. Kxe6 Kb4 47. Kd6 Rh7 {ilegible} 1-0

[Event "Lliga Catalana eq. DH"]
[Site "?"]
[Date "2014.02.08"]
[Round "3.7"]
[White "Fernandez Fuentes, FX."]
[Black "Fernandez Cazorla, A."]
[Result "0-1"]
[WhiteElo "2244"]
[BlackElo "2305"]
[PlyCount "40"]
[EventDate "2014.??.??"]
[EventType "team"]
[EventCountry "ESP"]

1. Nf3 Nf6 2. c4 c6 3. b3 d5 4. Bb2 Bg4 5. Ne5 Bf5 6. d4 e6 7. Nc3 Nbd7 8. Nxd7
Qxd7 9. e3 Bd6 10. Be2 h6 11. c5 Bc7 12. b4 e5 13. dxe5 Bxe5 14. Na4 Bxb2 15.
Nxb2 O-O 16. Qd4 Rfe8 17. Bf3 Be4 18. Na4 Qf5 19. Ke2 Bxf3+ 20. gxf3 Qc2+ 0-1